Declaracion de México
Na minha lista:
| Autor Corporativo: | |
|---|---|
| Formato: | Livro |
| Idioma: | Spanish |
| Publicado em: |
Azcapotzalco, Distrito Federal,México
Universidad Autónoma Metropolitana
1986
|
| Assuntos: | |
| Tags: |
Adicionar Tag
Sem tags, seja o primeiro a adicionar uma tag!
|
MARC
| LEADER | 00000nam a2200000 4500 | ||
|---|---|---|---|
| 003 | cru CIDCACS/IIS | ||
| 005 | 20231019151426.0 | ||
| 008 | 190121b1986 MX ||||| |||| 00| 0 spa d | ||
| 040 | |c cru CIDCACS/IIS | ||
| 090 | |a REV0001 7(17) 1986 | ||
| 110 | |9 8250 |a Grupo de los Seis | ||
| 245 | |a Declaracion de México |c Grupo de los Seis | ||
| 260 | |a Azcapotzalco, Distrito Federal,México |b Universidad Autónoma Metropolitana |c 1986 | ||
| 300 | |a Páginas 165-169 | ||
| 650 | 4 | |9 2646 |a RELACIONES INTERNACIONALES | |
| 650 | 0 | |a POLITICA INTERNACIONAL |9 382 | |
| 650 | 4 | |9 1848 |a DIPLOMACIA | |
| 650 | 0 | |9 8239 |a ARMAMENTISMO | |
| 651 | 0 | |9 245 |a ESTADOS UNIDOS | |
| 651 | 0 | |9 1173 |a URSS | |
| 773 | 0 | |0 18805 |9 2594 |d Azcapotzalco UAM |o 02235 |t AZCAPOTZALCO | |
| 942 | |2 ddc |c PP | ||
| 999 | |c 42086 |d 42086 | ||
